000 01472nam0a2200301 4500
001 RU\NLR\bibl\897022
005 20260408070317.0
010 _a5-288-02832-X
_9500
035 _a(NLR Aleph) 000885480
090 _a1685549
_c1685549
100 _a20060116d2000 |||y0rusy50 ca
101 0 _arus
102 _aRU
105 _aa |||||||||
200 1 _aПроблемы экологии и экономики в химической промышленности
_eсборник научных трудов
_fСанкт-Петерб. гос. ун-т, Санкт-Петерб. гос. технол. ин-т
_g[Г.К. Ивахнюк, д.х.н. (отв. ред.)]
210 _aСанкт-Петербург
_cИзд-во Санкт-Петербургского университета
_d2000
215 _a146 с.
_cил.
_d20
320 _aБиблиогр. в конце ст.
606 1 _aХимическая промышленность
_jСборники
_xВлияние на окружающую среду
_92362738
_3RU\NLR\auth\661410787
686 _aУ28(2)530.60я43
702 1 _aИвахнюк
_bГ. К.
_gГригорий Константинович
_4340
711 0 2 _4070
_aСанкт-Петербургский государственный университет
_9585805
_3RU\NLR\AUTH\8810043151
801 0 _aRU
_bNLR
_c20060116
_grcr
801 1 _aRU
_bNLR
_c20060116
830 _aред. по ЭК
942 _cBOOK
980 _aNB